| 000 | 00327nam a2200121 4500 | ||
|---|---|---|---|
| 082 |
_a388 _bAUT |
||
| 245 | _aMembers Handbook England and Wales | ||
| 260 |
_aLondon _bThe Automobile Association _c1952 |
||
| 300 |
_a320, P _c20 CM _eMaps |
||
| 526 |
_a0 _b0 _c0 _d388_000000000000000_AUT |
||
| 700 |
_aMCE _923359 |
||
| 942 |
_2ddc _cBK |
||
| 999 |
_c542999 _d542999 |
||